000 01018nam a2200325Ic 4500
001 58276
003 CO-BoRNBP
005 20250820224844.0
007 ta
008 160801s2008 sp g 000 0 spa
020 _a9788475175829
040 _aCO-BoRNBP
_bspa
_erda
_cCO-BoRNBP
041 _aspa
084 _aN
100 _aHolderlin, Friedric
_d1770-1843
_eaut
_962796
245 1 0 _aHiperión o el eremita en Grecia /
_cFriederich Holderlin ; traducción y prólogo de Jesús Munarriz.
250 _aVigésima séptima edición
264 1 _aMadird, España :
_bHiperion,
_c2008
300 _a213 páginas
336 _atexto
_btxt
_2rdacontent
337 _asin mediación
_bn
_2rdamedia
338 _avolumen
_bnc
_2rdacarrier
490 0 _aLibros Hiperión
500 _aDatos biográficos del autor
650 0 7 _aFilosofía
_vnovela
_2LEMB
_962797
650 0 4 _aNovela alemana
_2LEMB
_92669
650 0 4 _aLiteratura alemana
_ysiglo xix
_2LEMB
_962774
655 _aNovelas
_9324744
942 _2loc
_cBKLIT
999 _c58276
_d58276